| 000 | 00860nam a2200241 a 4500 | ||
|---|---|---|---|
| 001 | 000042732 | ||
| 003 | DO-SdBNP | ||
| 005 | 20230818111747.0 | ||
| 007 | ta | ||
| 008 | 110404n1997 dr 000 0 spa d | ||
| 040 |
_aDO-SdBNP _bspa _cBNPHU _erda |
||
| 082 | 4 |
_222 _axxx _bxxxx |
|
| 110 | 1 |
_aRepública Dominicana. _bley 24-97 _915271 |
|
| 240 | 1 | 0 | _aLeyes, decretos, etc. |
| 245 | 1 | 0 |
_aLey no. 24-97 : _bque introduce modificaciones al código penal, al código de procedimiento criminal y al código para la protección de niños, niñas y adolescentes del 27 de enero de 1997. / |
| 264 | 1 |
_aSanto Domingo : _b[editor no identificado], _c1997. |
|
| 300 |
_a27 pàginas _c21 cm. |
||
| 336 |
_2rdacontent _atexto _btxt |
||
| 337 |
_2rdamedia _asin mediación _bn |
||
| 338 |
_2rdacarrier _avolumen _bnc |
||
| 590 | _aInventariado, 2023/BT | ||
| 942 |
_2ddc _cLF2 |
||
| 999 |
_c42221 _d42221 |
||